| 000 | 00573nam a22002057a 4500 | ||
|---|---|---|---|
| 003 | UA-OsUOA | ||
| 001 | 38239 | ||
| 007 | ta | ||
| 008 | 20071001b un ||||| |||| 00| 0 ukr d | ||
| 090 |
_a32(477)/086 _bУ45 |
||
| 942 | _cBK | ||
| 040 |
_aUA-OsUOA _bukr _cUA-OsUOA _dUA-OsUOA |
||
| 245 |
_aУкраїнська суспільно-політична думка в 20 столітті _bДокументи і матеріяли _cТ. 1 |
||
| 300 | _a203 с. | ||
| 955 | _a1 | ||
| 041 | _aukr | ||
| 080 | _a32(477)/086 | ||
| 650 | 7 |
_a32 Політика _2UDC |
|
| 999 |
_c436762 _d436762 |
||